Códigos universitarios : Código Penal de la Nación Argentina ; Código Procesal Penal de la Nación ; Constitución Nacional : Legislación complementaria
Guardado en:
| Formato: | Libro |
|---|---|
| Idioma: | Spanish |
| Publicado: |
Buenos Aires :
Lexis Nexis,
2005
|
| Edición: | 3º ed. |
| Etiquetas: |
Agregar Etiqueta
Sin Etiquetas, Sea el primero en etiquetar este registro!
|
| LEADER | 00568nam a22001455a 4500 | ||
|---|---|---|---|
| 001 | DER.der001336 | ||
| 005 | 20061013000000.0 | ||
| 008 | 180615s2005####||||||||||||||||||||spa|| | ||
| 020 | |a 950-20-1631-9 | ||
| 245 | 1 | 0 | |a Códigos universitarios : Código Penal de la Nación Argentina ; Código Procesal Penal de la Nación ; Constitución Nacional : |b Legislación complementaria |
| 250 | |a 3º ed. | ||
| 260 | |a Buenos Aires : |b Lexis Nexis, |c 2005 | ||
| 300 | 0 | |a 528 p. ; 18 x 14 cm | |
| 859 | |a DERECHO |b BIB. DERECHO |h 345.05 |i LEX |p 003411 | ||
| 859 | |a DERECHO |b BIB. DERECHO |h 345.05 |i LEX |p 003412 | ||
